000 00527nam a2200181Ia 4500
003 GCL
008 140319s9999 xx 000 0 ara d
040 _aGCL /
_cGCL
082 0 4 _a347.02
_bم ص
100 1 _aمحمد شوكت التونى
245 1 0 _aصور من المحكمة: ناس واحداث فى طريق الخطا المفقودة /
_cمحمد شوكت التونى
300 _a262 ص
490 _a
650 0 4 _aالقانون
650 0 4 _aالمحاكم
650 0 4 _aالقضايا
942 _2ddc
_cBK
999 _c38443
_d38443